| 000 | 00373nam a22001457a 4500 | ||
|---|---|---|---|
| 003 | MACL | ||
| 005 | 20200805143350.0 | ||
| 008 | 200805b xxu||||| |||| 00| 0 eng d | ||
| 040 | _cMACL | ||
| 100 |
_aTomar,A.S. _979287 |
||
| 245 | _aThe Iron Man of India Sardar Vallabh Bhai Patel | ||
| 260 |
_aDelhi _bRahi Prakshan _c2019 |
||
| 650 |
_aBiography _979288 |
||
| 942 |
_2ddc _cBK |
||
| 999 |
_c62861 _d62861 |
||